000 00658nam a2200289Ia 4500
008 160321s9999||||xx |||||||||||||| ||und||
040 _cEnglish
082 _aXI.F/Collard
082 _bBORI-52620
100 _aDudley Collard
245 _aSoviet Justice
260 _aLondon
260 _bVictor Gollance
260 _c1937
300 _a208
300 _cA
300 _eHardbound
530 _u00006253.pdf
563 _aStudy
600 _aDudley Collard
630 _aSoviet Justice
650 _aEnglish Literature
650 _aGeneral Indology
700 _aDudley Collard
730 _aSoviet Justice
942 _cBOOK
999 _c1364205
_d1364202